LEADER 01317nam a2200277 i 4500 001 000000226835 003 CaOOAMICUS 005 20140204000000.0 008 140204s1997 it u000 u ita u 013 $a205737 040 $aSeMil$bita 245 10$aStoria della comunicazione dell'industria lombarda, 1881-1945 /$ca cura di Dario Cimorelli e Giovanna Ginex ; testi di Giorgio Bigatti ... [et al.]. 260 $aMilano :$bCARIPLO,$c1997. 260 $aMilano :$bMediocredito lombardo,$c1997. 300 $a207 p. :$bill. ;$c34 cm. 500 $aIn custodia. 650 4$aLombardia - Industria - Sec. 19.-20. - Pubblicità.$0(OLS)http://semarc/subject/41153 700 1 $aCimorelli, Dario.$0(OLS)http://semarc/name/78686 700 1 $aBigatti, Giorgio.$0(OLS)http://semarc/name/78687 700 1 $aGinex, Giovanna,$d<1950- >.$0(OLS)http://semarc/name/21246 850 $aSeMil 852 $aSeMil$W1$xVenegono$y1$m3M VI 166$j177181$B177181$CSeMilBibl$Z2$F188146 $81 961 $aOmaggio: Grampa dott. Cesare 996 $6245$aStoria della comunicazione dell'industria lombarda, 1881-1945$9(OLS)http://semarc/title/324769 996 $6260$aMilano :$bMediocredito lombardo$9(OLS)http://semarc/publisher/53538 996 $6260$aMilano :$bCARIPLO$9(OLS)http://semarc/publisher/29807 LEADER 01332nam a2200277 i 4500 001 000000127138 003 CaOOAMICUS 005 20240219142859.0 008 160113s1739 it u000 u ita u 013 $a99846 026 $ag.ia n-re 6.3. (abi (3) 1739 (R) 040 $aSeMil$bita 100 1 $aMagenis, Gaetano Maria.$0(OLS)http://semarc/name/40909 245 10$aVita di s. Andrea Avellino, cherico regolare, scritta dal padre don Gaetano Maria Magenis, del medesimo Istituto. 264 1$aIn Brescia :$bPer Marco Vendramino, e Compagno,$c1739. 300 $a[8], 48, [4], 452 [i.e. 492] p. ;$c4°. 500 $aFront. stampato in rosso e nero 500 $aLe p. 490-491 erroneamente numerate 450-452 500 $aSegn.: A4 A-C8 D2 A-2G8 2H6 600 14$aAvellino, Andrea .$0(OLS)http://semarc/subject/24933 710 0 $aVendramini, Marco.$0(OLS)http://semarc/name/12950 850 $aSeMil 852 $aSeMil$W1$xVenegono$y1$m3J III 30 FA$j81462$B81462$CSeMilBibl$Z2$F83613 $8I 996 $6245$aVita di s. Andrea Avellino, cherico regolare, scritta dal padre don Gaetano Maria Magenis, del medesimo Istituto$9(OLS)http://semarc/title/187586 996 $6264$aIn Brescia :$bPer Marco Vendramino, e Compagno$9(OLS)http://semarc/publisher/46512